MARC

LEADER 00000nam0a2200000 4500
001 365999
005 20231102011835.0
035 |a (RuTPU)RU\TPU\retro\23362 
090 |a 365999 
100 |a 20220127d1979 km y0rusy50 ca 
101 0 |a rus 
102 |a RU 
105 |a a z 001zy 
200 1 |a Автоматический контроль движения минералов в процессах обогащения  |f М. Л. Гольдин, В. И. Гудима 
210 |a Москва  |c Атомиздат  |d 1979 
215 |a 53 с.  |c ил. 
225 1 |a Радиоизотопная автоматика 
320 |a Библиогр.: с. 51-52 
606 1 |a Обогащение гравитационое  |x Изотопный метод исследования  |2 stltpush  |3 (RuTPU)RU\TPU\subj\46470  |9 65610 
610 1 |a контроль 
610 1 |a регистрация 
610 1 |a расчет 
610 1 |a экспериментальные исследования 
675 |a 622.75/.77  |v 4 
700 1 |a Гольдин  |b М. Л.  |g Михаил Львович 
701 1 |a Гудима  |b В. И.  |g Валентин Игнатьевич 
801 1 |a RU  |b 63413507  |c 20220127 
942 |c BK